00535nam a2200193 a 4500001001300000003000900013005001700022008004100039020001200080082001600092100001900108245008000127260003900207300000800246500003500254505001000289650002300299700001900322nice12345678IN_TiNIC20260116012750.0050524s1977 phia grp 000 0 eng  ac220.500a232.96bHEN aHengel, Martin aCrucifixion, in the Ancient World and the Folly of the Message of the Cross aPhiladelphiabFortress Pressc1977 a99p aincludes index and biblioraphy2 aIndex aJesus Christ-Death1 aHengel, Martin